00729pam a2200217 x 45000010008000000080041000080100017000490150013000660200015000790200018000940200032001120820015001441000018001592450117001772600032002943000030003263500028003564900043003845040045004276510039004722380199960214s1995 enkab 00110 eng b a 94043757  ab9590003 a041501595210a0415015952cm10a0415015960cvcpbkc£15.9900a937.0122010aCornell, Tim.14aThe beginnings of Rome :bItaly and Rome from the Bronze Age to the Punic Wars (c. 1000-264 BC) /cT.J. Cornell. aLondon :bRoutledge,c1995. axx,507pbillc24cmecased00aNo price : Formerly CIP00aRoutledge history of the ancient world00aBibliography: p472-491. - Includes index 0aRomexHistoryyKings, 753-510 B.C.